(25) - 50 villes les plus peuplées du Doubs (25) - Statistiques

Statistiques générales
  • Ce quiz a été pris 27 fois
  • Le résultat moyen est 17 sur 50
Statistiques - réponses
nombre d'habitant ville % Correct
118 489 Besançon
96%
24 672 Montbéliard
91%
18 067 Pontarlier
91%
3 721 Sochaux
87%
6 953 Morteau
78%
14 071 Audincourt
61%
5 155 Baume-les-Dames
61%
10 501 Valentigney
57%
4 254 Maîche
52%
5 705 Valdahon
52%
3 335 Doubs
43%
5 133 Saint-Vit
43%
2 780 L'Isle-sur-le-Doubs
39%
2 579 École-Valentin
35%
4 419 Ornans
35%
3 912 Pont-de-Roide-Vermondans
35%
5 292 Villers-le-Lac
35%
5 308 Bethoncourt
30%
3 048 Les Fins
30%
3 195 Saône
30%
2 256 Avanne-Aveney
26%
2 900 Charquemont
26%
3 689 Étupes
26%
3 277 Exincourt
26%
2 257 Franois
26%
5 873 Grand-Charmont
26%
3 508 Hérimoncourt
26%
2 400 Levier
26%
4 612 Mandeure
26%
5 854 Seloncourt
26%
2 786 Vieux-Charmont
26%
2 533 Les Auxons
22%
2 195 Pouilley-les-Vignes
22%
2 004 Serre-les-Sapins
22%
2 994 Thise
22%
3 174 Voujeaucourt
22%
3 582 Bavans
17%
2 042 Châtillon-le-Duc
17%
2 129 Fesches-le-Châtel
17%
2 599 Le Russey
17%
2 661 Miserey-Salines
17%
2 180 Montferrand-le-Château
17%
2 156 Pirey
17%
1 988 Mamirolle
13%
2 115 Mathay
13%
2 244 Montlebon
13%
2 189 Orchamps-Vennes
13%
2 158 Roche-lez-Beaupré
13%
2 113 Chemaudin et Vaux
9%
2 132 Val-d'Usiers
4%
Aucun quiz correspondant
Distribution des résultats
% des personnes avec chaque résultat
Percentile par nombre de réponses
Votre historique - résultats
Vous n’avez pas pris ce quiz